00646 2200229 4500001002100000005001500021035002000036245007600056100001900132250001400151300004200165700001500207260003400222082000800256084001400264020001900278650002500297650003200322504002200354990002000376990002000396INLIS00000000000368920230116075214 a0010-01230002161 aCara Kreatif ku Mengajar :bSeri Berani Menginspirasi /cDina Alfiyanti0 aDina Alfiyanti aCet. 1,-- aix + 90 hlm. :bilus. ;c15 x 23 hlm.0 aTim Esensi aJakarta. :bErlangga.,c2016. a370 a370 DIN c a978602684718-8 aEditor, Alwi Kosasih aDesainer Sampul, Satrio A.B aTentang Pengarang a15519/P/07/2022 a15530/P/Bl/2022